انجال الزعماء : (Record no. 66964)
[ view plain ]
| 000 -الفاتح | |
|---|---|
| حقل البيانات ثابتة الطول | 01316nam a2200325Ia 4500 |
| 005 - وقت وتاريخ اخر تعامل مع التسجيلة | |
| رقم الضبط | 20240530110949.0 |
| 008 - عناصر البيانات ثابتة الطول - معلومات عامة | |
| حقل البيانات ثابتة الطول | 140319s2008 xx 000 0 ara d |
| 020 ## - الرقم الدولى المعيارى للكتب | |
| الرقم الدولى المعيارى للكتاب | 9775307635 |
| 040 ## - مصدر الفهرسة | |
| وكالة الفهرسة الأصلية | GCL / |
| وكالة النسخ | GCL |
| 082 04 - رقم تصنيف ديوى العشرى | |
| رقم التصنيف | 923.1 / |
| رقم المادة | م ا |
| 100 1# - المدخل الرئيسى - إسم شخصى | |
| الإسم الشخصى | مؤمن المحمدى |
| 245 10 - بيان العنوان | |
| العنوان | انجال الزعماء : |
| بقية العنوان | اسرار الحب والمال فى بيوت الحكماء العرب / |
| بيان المسئوليه,etc | تاليف مؤمن المحمدى |
| 260 ## - PUBLICATION, DISTRIBUTION, ETC. (IMPRINT) | |
| تاريخ النشر أو التوزيع | 2008 |
| 300 ## - الوصف المادى | |
| التعداد | 329 ص ؛ |
| أبعاد الوعاء | 24 سم |
| 650 04 - المدخل الاضافى بالموضوع-مصطلح موضوعى | |
| مصطلح موضوعي | الزعماء |
| 650 04 - المدخل الاضافى بالموضوع-مصطلح موضوعى | |
| مصطلح موضوعي | جيهان السادات |
| 650 04 - المدخل الاضافى بالموضوع-مصطلح موضوعى | |
| مصطلح موضوعي | جمال السادات |
| 650 04 - المدخل الاضافى بالموضوع-مصطلح موضوعى | |
| مصطلح موضوعي | عبدالحكيم عامر |
| 650 04 - المدخل الاضافى بالموضوع-مصطلح موضوعى | |
| مصطلح موضوعي | النساء - الحياة السياسية |
| 653 ## - مصطلح تكشيفى غير مقيد | |
| مصطلح غير مقيد | ابناء الرئيس جمال عبد الناصر |
| 653 ## - مصطلح تكشيفى غير مقيد | |
| مصطلح غير مقيد | ابناء الرئيس حافظ الاسد |
| 653 ## - مصطلح تكشيفى غير مقيد | |
| مصطلح غير مقيد | ابناء الشيخ زايد |
| 653 ## - مصطلح تكشيفى غير مقيد | |
| مصطلح غير مقيد | ابناء الرئيس صدام حسين |
| 653 ## - مصطلح تكشيفى غير مقيد | |
| مصطلح غير مقيد | ابناء الملك عبد الله |
| 653 ## - مصطلح تكشيفى غير مقيد | |
| مصطلح غير مقيد | ابناء الرئيس محمد حسنى مبارك |
| 653 ## - مصطلح تكشيفى غير مقيد | |
| مصطلح غير مقيد | ابناء الرئيس محمد نجيب |
| 653 ## - مصطلح تكشيفى غير مقيد | |
| مصطلح غير مقيد | ابناء العقيد معمر القذافى |
| 942 ## - عناصر المدخل الإضافي( كوها) | |
| مصدر التصنيف او مخطط الترفيف | Dewey Decimal Classification |
| Koha [default] item type | كتاب |
| 260 ## - PUBLICATION, DISTRIBUTION, ETC. (IMPRINT) | |
| -- | القاهرة : |
| -- | كنوز للنشر والتوزيع، |
| حالة التراجع | حالة الفقد | حالة تلف | ليس للاعارة | المكان المؤقت | الموقع الحالى | موقع الترفيف | تاريخ الاكتساب | اجمالي اﻻعارات | رقم الطلب | الباركود | تاريخ اخر مشاهدة | تاريخ تفعيل السعر | نوع وعاء كوها |
|---|---|---|---|---|---|---|---|---|---|---|---|---|---|
| مكتبة القاهرة الكبرى | مكتبة القاهرة الكبرى | ق الرئيسية_التاريخ والجغرافيا_ك عربى | 12/11/2022 | 923.1 / م ا | 168974 | 12/11/2022 | 12/11/2022 | كتاب |

